Homo hierarchicus: ensayo sobre el sistema de castas

Tallennettuna:
Bibliografiset tiedot
Päätekijä: Dumont, Louis (Tekijä)
Aineistotyyppi: Kirja
Kieli:espanja
Julkaistu: Madrid Aguilar 1970
Sarja:Biblioteca Cultura e Historia
Aiheet:
Tagit: Lisää tagi
Ei tageja, Lisää ensimmäinen tagi!

MARC

LEADER 00000nam a2200000 a 4500
001 UCP5905
003 CL-VaPUC
008 991001e19700000SP |||||||||||||||||spa|d
082 0 4 |a 302.3  |b DUM  |2 21 
100 0 |a Dumont, Louis  |e author  |9 434550 
245 1 0 |a Homo hierarchicus: ensayo sobre el sistema de castas 
300 |a 429 p 
942 |c BK 
945 |d 19991001 00:00:00  |a crobeson 
260 |a Madrid  |b Aguilar  |c 1970 
650 7 |a CASTAS  |2 CL-VaPUC  |9 434551 
650 0 |a Interacción social   |9 307764 
650 0 |a Historia de las ideas  |9 420996 
650 7 |a ESTRUCTURA SOCIAL  |2 CL-VaPUC  |9 434552 
650 7 |a DIVISION DEL TRABAJO  |2 CL-VaPUC  |9 312760 
650 7 |a MATRIMONIO  |2 CL-VaPUC  |9 434553 
650 7 |a TERRITORIALIDAD  |2 CL-VaPUC  |9 382029 
650 0 |a Antropología cultural y social   |9 265143 
583 |a last modification  |c 19991001 00:00:00  |k Rodrigo Vera 
490 0 |a Biblioteca Cultura e Historia 
999 |c 283542  |d 283540 
952 |0 0  |1 0  |4 0  |6 302_300000000000000_DUM_1970  |7 0  |8 A  |9 326795  |a BIBHIS  |b BIBHIS  |d 2019-11-20  |i 1357808  |o 302.3 DUM 1970  |p 1357808  |r 2025-01-20  |w 2019-11-20  |y BK  |k HIS